|
|
|
|
| LEADER |
01057pam a22002778a 4500 |
| 001 |
00026089 |
| 005 |
20171026081023.0 |
| 008 |
110813s2002 ||||||viesd |
| 020 |
|
|
|c 3700
|
| 041 |
0 |
# |
|a vie
|
| 082 |
1 |
4 |
|a 372.86
|b TH250D
|
| 100 |
1 |
# |
|a Trần Đồng Lâm
|
| 245 |
1 |
0 |
|a Thể dục 1
|b Sách giáo viên
|c Trần Đồng Lâm
|
| 260 |
# |
# |
|a H.
|b Giáo dục
|c 2002
|
| 300 |
# |
# |
|a 88 tr.
|b hình vẽ, bảng
|c 24 cm.
|
| 500 |
# |
# |
|a ĐTTS ghi: Bộ Giáo dục và Đào tạo
|
| 650 |
# |
4 |
|a Lớp 1
|
| 650 |
# |
4 |
|a Thể dục
|
| 650 |
# |
4 |
|a Sách giáo viên
|
| 852 |
# |
# |
|b Kho giáo trình
|j KGT.0028819, KGT.0028820, KGT.0028821, KGT.0028822, KGT.0028823, KGT.0028824, KGT.0028825
|
| 852 |
# |
# |
|b Kho mượn
|j KGT.0028819
|
| 852 |
# |
# |
|b Kho đọc
|j KD.0010819
|
| 852 |
# |
# |
|j KGT.0028822
|j KGT.0028823
|j KGT.0028825
|j KGT.0028820
|j KD.0010819
|j KGT.0028819
|j KGT.0028821
|j KGT.0028824
|j KGT.0055242
|
| 910 |
|
|
|d 13/08/2011
|
| 980 |
# |
# |
|a Trung tâm Học liệu Lê Vũ Hùng, Trường Đại học Đồng Tháp
|